000 00424cam a2200169ua 4500
003 OSt
008 250707b |||||||| |||| 00| 0 eng d
041 _aeng
082 _a624.18341
_bFAB/OS
100 _aFaber, John .
_97621
245 _aOscar Faber`s Reinforced concrete /
250 _a1 /
260 _aLondon :
_bE F N Spon Limited ,
_c1961.
300 _a532 ; .
700 1 _aMead, Frank .
_97622
942 _cBK
999 _c2874
_d2874